History Quiz

Random History or Clickable Quiz

That's What 'G' Said Quiz Stats

Quiz Updated Jul 9, 2015

Challenge
Share
Tweet
Embed
Score 0/20 Timer 08:00
0 Plays Today
% Correct
Without leaving behind him distinct and legitimate reasons for having passed through it.
89.2%
But I accept the fact that most of my movies are going to be seen on phones.
87.3%
Next time I'd run for president.
85.4%
I was born where there were no enclosures.
83.6%
But out of trial and confusion.
83.5%
To make it a heresy to believe what is proved.
83.2%
Tomorrow, death comes.
82.6%
But as an act of self-defense against a homicidal maniac.
82%
And I'm not going to eat any more broccoli.
81.7%
I prefer good memories to regrets.
80%
% Correct
Music drips from my fingers.
78.1%
Compared with just over 250,000 in Britain.
78%
It brings out all that is best and it removes all that is base.
76.5%
When a new kind of cotton is grown, and when strawberries bloom in Israel.
71.4%
The poverty-stricken man makes the same mistake about the rich man.
71.1%
Have not any subsistence without a mind.
68.3%
When you have forgotten your aim.
68%
Which make the rest of us wonder at the possibility that there may be something to them we are missing.
66.1%
There is scarcely any part of my conduct which may not hereafter be drawn into precedent.
64.1%
In the middle of millions of starving people.
63.5%

You're not logged in!

Compare scores with friends on all Sporcle quizzes.
Sign Up with Email
OR
Log In

You Might Also Like...

Show Comments

Extras

Top Quizzes Today


Score Distribution

Your Account Isn't Verified!

In order to create a playlist on Sporcle, you need to verify the email address you used during registration. Go to your Sporcle Settings to finish the process.